Chuyện cũ viết lại

Dịch từ nguyên bản tiếng Trung: 故事新編

Enregistré dans:
Détails bibliographiques
Auteur principal: Lỗ Tấn
Autres auteurs: Ngô, Trần Trung Nghĩa
Format: Livre
Langue:Undetermined
Publié: H. Văn học 2017
Sujets:
Accès en ligne:http://lrc.tdmu.edu.vn/opac/search/detail.asp?aID=2&ID=30882
Tags: Ajouter un tag
Pas de tags, Soyez le premier à ajouter un tag!
Thư viện lưu trữ: Trung tâm Học liệu Trường Đại học Thủ Dầu Một
LEADER 00829nam a2200217Ia 4500
001 TDMU_30882
008 210410s9999 xx 000 0 und d
082 |a 333.730959776 
090 |b L450 
100 |a Lỗ Tấn 
245 0 |a Chuyện cũ viết lại 
245 0 |c Lỗ Tấn; Ngô Trần Trung Nghĩa (dịch) 
260 |a H. 
260 |b Văn học 
260 |c 2017 
300 |a 247tr. 
520 |a Dịch từ nguyên bản tiếng Trung: 故事新編 
650 |a Văn học hiện đại  |v Truyện ngắn  |z Trung Quốc; Văn học Trung Quốc  |v Truyện ngắn 
700 |a Ngô, Trần Trung Nghĩa 
856 |u http://lrc.tdmu.edu.vn/opac/search/detail.asp?aID=2&ID=30882 
980 |a Trung tâm Học liệu Trường Đại học Thủ Dầu Một